000 00388pab a2200157 454500
008 180718b2003 xxu||||| |||| 00| 0 eng d
100 _aAhuja, Rajeev
245 _aMicro-insurance for the poor: policy choices
260 _c2003
300 _ap.5034-036.
362 _a29 Nov
650 _aPoverty
650 _aInsurance
773 _aEconomic and Political Weekly
909 _a58839
999 _c58839
_d58839